01029nam a2200253 a 450000100100000000500170001000800410002702000150006804000250008308200140010810000570012224501320017926000730031130000270038449000310041150000370044250000330047950000320051250400280054470000360057283000380060895201120064699900170075800004149920201002034938.0131008s1997 sp 001 0 spa d a8400076893 aDO-SdBNPbspacBNPHU axxxxbxxx1 aShaftesbury, Anthony Ashley Coper,d1671-171396820010aInvestigación sobre la Virtud o el Mérito. /cShaftesbury; estudio introductorio, traducción y notas de Agustín Andreu. aMadrid, :bConsejo Superior de Investigaciones Científicas,c1997. aXCVI, 126 p. ;c25 cm.1 aClásicos del pensamiento aIncluye notas al pie de página aIncluye índice de materias aIncluye índice de autores aBibliografía p: XV-XX1 aAndreu, Agustínetrad.968201 0aClásicos del pensamiento914896 001050718MOaGRbGRcCTd2013-10-08iLF1l0oxxxx xxxp41499-10r2020-06-25w2020-06-25y1ZNo se presta c40989d40989